JR東日本 再編後の所属事業本部 (首都圏) - Statistics

General Stats
  • This quiz has been taken 58 times
    32 since last reset
  • The average score is 634 of 1200
Answer Stats
Question Tile Select % Correct
成東 大宮事業本部 No
96%
成東 浦和事業本部 No
96%
成東 熊谷事業本部 No
96%
成東 松戸事業本部 No
96%
成東 東京事業本部 No
96%
成東 品川事業本部 No
96%
成東 新宿事業本部 No
96%
成東 上野事業本部 No
96%
成東 渋谷事業本部 No
96%
成東 池袋事業本部 No
96%
成東 八王子事業本部 No
96%
成東 立川事業本部 No
96%
成東 横浜事業本部 No
96%
成東 川崎事業本部 No
96%
成東 湘南伊豆事業本部 No
96%
成東 その他の事業本部 No
96%
成東 武蔵野事業本部 No
93%
成東 京葉総武事業本部 No
86%
武蔵五日市 大宮事業本部 No
82%
武蔵五日市 浦和事業本部 No
82%
武蔵五日市 武蔵野事業本部 No
82%
武蔵五日市 千葉事業本部 No
82%
武蔵五日市 房総事業本部 No
82%
武蔵五日市 京葉総武事業本部 No
82%
武蔵五日市 松戸事業本部 No
82%
武蔵五日市 東京事業本部 No
82%
武蔵五日市 品川事業本部 No
82%
武蔵五日市 上野事業本部 No
82%
武蔵五日市 渋谷事業本部 No
82%
武蔵五日市 池袋事業本部 No
82%
武蔵五日市 横浜事業本部 No
82%
武蔵五日市 湘南伊豆事業本部 No
82%
日野 大宮事業本部 No
79%
日野 浦和事業本部 No
79%
日野 熊谷事業本部 No
79%
日野 武蔵野事業本部 No
79%
日野 千葉事業本部 No
79%
日野 房総事業本部 No
79%
日野 京葉総武事業本部 No
79%
日野 松戸事業本部 No
79%
日野 東京事業本部 No
79%
日野 品川事業本部 No
79%
日野 新宿事業本部 No
79%
日野 上野事業本部 No
79%
日野 渋谷事業本部 No
79%
日野 池袋事業本部 No
79%
日野 横浜事業本部 No
79%
日野 川崎事業本部 No
79%
日野 湘南伊豆事業本部 No
79%
日野 その他の事業本部 No
79%
武蔵五日市 熊谷事業本部 No
79%
武蔵五日市 新宿事業本部 No
79%
武蔵五日市 川崎事業本部 No
79%
武蔵五日市 その他の事業本部 No
79%
南流山 大宮事業本部 No
75%
南流山 浦和事業本部 No
75%
南流山 熊谷事業本部 No
75%
南流山 千葉事業本部 No
75%
南流山 房総事業本部 No
75%
南流山 東京事業本部 No
75%
南流山 品川事業本部 No
75%
南流山 新宿事業本部 No
75%
南流山 上野事業本部 No
75%
南流山 渋谷事業本部 No
75%
南流山 池袋事業本部 No
75%
南流山 八王子事業本部 No
75%
南流山 立川事業本部 No
75%
南流山 横浜事業本部 No
75%
南流山 川崎事業本部 No
75%
南流山 湘南伊豆事業本部 No
75%
南流山 その他の事業本部 No
75%
南流山 京葉総武事業本部 No
71%
北赤羽 熊谷事業本部 No
68%
北赤羽 武蔵野事業本部 No
68%
北赤羽 千葉事業本部 No
68%
北赤羽 房総事業本部 No
68%
北赤羽 京葉総武事業本部 No
68%
北赤羽 松戸事業本部 No
68%
北赤羽 品川事業本部 No
68%
北赤羽 新宿事業本部 No
68%
北赤羽 渋谷事業本部 No
68%
北赤羽 八王子事業本部 No
68%
北赤羽 立川事業本部 No
68%
北赤羽 横浜事業本部 No
68%
北赤羽 川崎事業本部 No
68%
北赤羽 湘南伊豆事業本部 No
68%
北赤羽 その他の事業本部 No
68%
鹿島神宮 大宮事業本部 No
68%
鹿島神宮 浦和事業本部 No
68%
鹿島神宮 熊谷事業本部 No
68%
鹿島神宮 武蔵野事業本部 No
68%
鹿島神宮 松戸事業本部 No
68%
鹿島神宮 東京事業本部 No
68%
鹿島神宮 品川事業本部 No
68%
鹿島神宮 新宿事業本部 No
68%
鹿島神宮 上野事業本部 No
68%
鹿島神宮 渋谷事業本部 No
68%
鹿島神宮 池袋事業本部 No
68%
鹿島神宮 八王子事業本部 No
68%
鹿島神宮 立川事業本部 No
68%
鹿島神宮 横浜事業本部 No
68%
鹿島神宮 川崎事業本部 No
68%
鹿島神宮 湘南伊豆事業本部 No
68%
浜川崎 大宮事業本部 No
68%
浜川崎 浦和事業本部 No
68%
浜川崎 熊谷事業本部 No
68%
浜川崎 武蔵野事業本部 No
68%
浜川崎 千葉事業本部 No
68%
浜川崎 房総事業本部 No
68%
浜川崎 京葉総武事業本部 No
68%
浜川崎 松戸事業本部 No
68%
浜川崎 東京事業本部 No
68%
浜川崎 品川事業本部 No
68%
浜川崎 新宿事業本部 No
68%
浜川崎 上野事業本部 No
68%
浜川崎 渋谷事業本部 No
68%
浜川崎 池袋事業本部 No
68%
浜川崎 八王子事業本部 No
68%
浜川崎 立川事業本部 No
68%
浜川崎 湘南伊豆事業本部 No
68%
浜川崎 その他の事業本部 No
68%
大森 大宮事業本部 No
68%
大森 浦和事業本部 No
68%
大森 熊谷事業本部 No
68%
大森 武蔵野事業本部 No
68%
大森 千葉事業本部 No
68%
大森 房総事業本部 No
68%
大森 京葉総武事業本部 No
68%
大森 松戸事業本部 No
68%
大森 新宿事業本部 No
68%
大森 上野事業本部 No
68%
大森 渋谷事業本部 No
68%
大森 池袋事業本部 No
68%
大森 八王子事業本部 No
68%
大森 立川事業本部 No
68%
大森 湘南伊豆事業本部 No
68%
大森 その他の事業本部 No
68%
千葉みなと 大宮事業本部 No
68%
千葉みなと 浦和事業本部 No
68%
千葉みなと 熊谷事業本部 No
68%
千葉みなと 武蔵野事業本部 No
68%
千葉みなと 房総事業本部 No
68%
千葉みなと 松戸事業本部 No
68%
千葉みなと 東京事業本部 No
68%
千葉みなと 品川事業本部 No
68%
千葉みなと 新宿事業本部 No
68%
千葉みなと 上野事業本部 No
68%
千葉みなと 渋谷事業本部 No
68%
千葉みなと 池袋事業本部 No
68%
千葉みなと 立川事業本部 No
68%
千葉みなと 横浜事業本部 No
68%
千葉みなと 川崎事業本部 No
68%
千葉みなと 湘南伊豆事業本部 No
68%
千葉みなと その他の事業本部 No
68%
さいたま新都心 熊谷事業本部 No
68%
さいたま新都心 武蔵野事業本部 No
68%
さいたま新都心 千葉事業本部 No
68%
さいたま新都心 房総事業本部 No
68%
さいたま新都心 京葉総武事業本部 No
68%
さいたま新都心 松戸事業本部 No
68%
さいたま新都心 東京事業本部 No
68%
さいたま新都心 品川事業本部 No
68%
さいたま新都心 新宿事業本部 No
68%
さいたま新都心 上野事業本部 No
68%
さいたま新都心 渋谷事業本部 No
68%
さいたま新都心 池袋事業本部 No
68%
さいたま新都心 八王子事業本部 No
68%
さいたま新都心 立川事業本部 No
68%
さいたま新都心 横浜事業本部 No
68%
さいたま新都心 川崎事業本部 No
68%
さいたま新都心 湘南伊豆事業本部 No
68%
さいたま新都心 その他の事業本部 No
68%
北赤羽 大宮事業本部 No
64%
北赤羽 東京事業本部 No
64%
鹿島神宮 京葉総武事業本部 No
64%
浜川崎 横浜事業本部 No
64%
浜川崎 川崎事業本部 Yes
64%
大森 川崎事業本部 No
64%
千葉みなと 八王子事業本部 No
64%
古河 浦和事業本部 No
64%
古河 熊谷事業本部 No
64%
古河 武蔵野事業本部 No
64%
古河 千葉事業本部 No
64%
古河 房総事業本部 No
64%
古河 京葉総武事業本部 No
64%
古河 松戸事業本部 No
64%
古河 東京事業本部 No
64%
古河 品川事業本部 No
64%
古河 新宿事業本部 No
64%
古河 上野事業本部 No
64%
古河 渋谷事業本部 No
64%
古河 池袋事業本部 No
64%
古河 八王子事業本部 No
64%
古河 立川事業本部 No
64%
古河 横浜事業本部 No
64%
古河 川崎事業本部 No
64%
古河 湘南伊豆事業本部 No
64%
八王子みなみ野 大宮事業本部 No
64%
八王子みなみ野 浦和事業本部 No
64%
八王子みなみ野 熊谷事業本部 No
64%
八王子みなみ野 武蔵野事業本部 No
64%
八王子みなみ野 千葉事業本部 No
64%
八王子みなみ野 房総事業本部 No
64%
八王子みなみ野 京葉総武事業本部 No
64%
八王子みなみ野 松戸事業本部 No
64%
八王子みなみ野 東京事業本部 No
64%
八王子みなみ野 品川事業本部 No
64%
八王子みなみ野 新宿事業本部 No
64%
八王子みなみ野 上野事業本部 No
64%
八王子みなみ野 渋谷事業本部 No
64%
八王子みなみ野 池袋事業本部 No
64%
八王子みなみ野 立川事業本部 No
64%
八王子みなみ野 川崎事業本部 No
64%
八王子みなみ野 湘南伊豆事業本部 No
64%
八王子みなみ野 その他の事業本部 No
64%
千歳 大宮事業本部 No
61%
千歳 浦和事業本部 No
61%
千歳 熊谷事業本部 No
61%
千歳 武蔵野事業本部 No
61%
千歳 千葉事業本部 No
61%
千歳 京葉総武事業本部 No
61%
千歳 東京事業本部 No
61%
千歳 品川事業本部 No
61%
千歳 新宿事業本部 No
61%
千歳 上野事業本部 No
61%
千歳 渋谷事業本部 No
61%
千歳 池袋事業本部 No
61%
千歳 八王子事業本部 No
61%
千歳 立川事業本部 No
61%
千歳 横浜事業本部 No
61%
千歳 川崎事業本部 No
61%
千歳 湘南伊豆事業本部 No
61%
大森 東京事業本部 No
61%
大森 横浜事業本部 No
61%
中神 大宮事業本部 No
61%
中神 浦和事業本部 No
61%
中神 熊谷事業本部 No
61%
中神 武蔵野事業本部 No
61%
中神 千葉事業本部 No
61%
中神 房総事業本部 No
61%
中神 京葉総武事業本部 No
61%
中神 松戸事業本部 No
61%
中神 東京事業本部 No
61%
中神 品川事業本部 No
61%
中神 新宿事業本部 No
61%
中神 渋谷事業本部 No
61%
中神 池袋事業本部 No
61%
中神 横浜事業本部 No
61%
中神 川崎事業本部 No
61%
中神 湘南伊豆事業本部 No
61%
尾久 浦和事業本部 No
61%
尾久 熊谷事業本部 No
61%
尾久 武蔵野事業本部 No
61%
尾久 千葉事業本部 No
61%
尾久 房総事業本部 No
61%
尾久 京葉総武事業本部 No
61%
尾久 松戸事業本部 No
61%
尾久 品川事業本部 No
61%
尾久 新宿事業本部 No
61%
尾久 池袋事業本部 No
61%
尾久 八王子事業本部 No
61%
尾久 立川事業本部 No
61%
尾久 横浜事業本部 No
61%
尾久 川崎事業本部 No
61%
尾久 その他の事業本部 No
61%
町田 大宮事業本部 No
61%
町田 浦和事業本部 No
61%
町田 熊谷事業本部 No
61%
町田 武蔵野事業本部 No
61%
町田 千葉事業本部 No
61%
町田 房総事業本部 No
61%
町田 京葉総武事業本部 No
61%
町田 松戸事業本部 No
61%
町田 品川事業本部 No
61%
町田 新宿事業本部 No
61%
町田 上野事業本部 No
61%
町田 渋谷事業本部 No
61%
町田 池袋事業本部 No
61%
町田 川崎事業本部 No
61%
町田 湘南伊豆事業本部 No
61%
町田 その他の事業本部 No
61%
成東 房総事業本部 No
57%
北赤羽 上野事業本部 No
57%
鹿島神宮 房総事業本部 No
57%
千歳 松戸事業本部 No
57%
中神 上野事業本部 No
57%
中神 その他の事業本部 No
57%
東金 大宮事業本部 No
57%
東金 浦和事業本部 No
57%
東金 熊谷事業本部 No
57%
東金 武蔵野事業本部 No
57%
東金 松戸事業本部 No
57%
東金 東京事業本部 No
57%
東金 品川事業本部 No
57%
東金 新宿事業本部 No
57%
東金 上野事業本部 No
57%
東金 渋谷事業本部 No
57%
東金 池袋事業本部 No
57%
東金 八王子事業本部 No
57%
東金 立川事業本部 No
57%
東金 横浜事業本部 No
57%
東金 川崎事業本部 No
57%
東金 湘南伊豆事業本部 No
57%
東金 その他の事業本部 No
57%
尾久 大宮事業本部 No
57%
尾久 渋谷事業本部 No
57%
尾久 湘南伊豆事業本部 No
57%
町田 立川事業本部 No
57%
秋葉原 大宮事業本部 No
57%
秋葉原 浦和事業本部 No
57%
秋葉原 熊谷事業本部 No
57%
秋葉原 武蔵野事業本部 No
57%
秋葉原 千葉事業本部 No
57%
秋葉原 房総事業本部 No
57%
秋葉原 京葉総武事業本部 No
57%
秋葉原 松戸事業本部 No
57%
秋葉原 品川事業本部 No
57%
秋葉原 新宿事業本部 No
57%
秋葉原 渋谷事業本部 No
57%
秋葉原 池袋事業本部 No
57%
秋葉原 八王子事業本部 No
57%
秋葉原 立川事業本部 No
57%
秋葉原 横浜事業本部 No
57%
秋葉原 川崎事業本部 No
57%
秋葉原 湘南伊豆事業本部 No
57%
秋葉原 その他の事業本部 No
57%
小川町 浦和事業本部 No
57%
小川町 武蔵野事業本部 No
57%
小川町 千葉事業本部 No
57%
小川町 房総事業本部 No
57%
小川町 京葉総武事業本部 No
57%
小川町 松戸事業本部 No
57%
小川町 品川事業本部 No
57%
小川町 新宿事業本部 No
57%
小川町 上野事業本部 No
57%
小川町 渋谷事業本部 No
57%
小川町 立川事業本部 No
57%
小川町 横浜事業本部 No
57%
小川町 湘南伊豆事業本部 No
57%
戸田 熊谷事業本部 No
57%
戸田 武蔵野事業本部 No
57%
戸田 千葉事業本部 No
57%
戸田 房総事業本部 No
57%
戸田 京葉総武事業本部 No
57%
戸田 松戸事業本部 No
57%
戸田 東京事業本部 No
57%
戸田 品川事業本部 No
57%
戸田 新宿事業本部 No
57%
戸田 上野事業本部 No
57%
戸田 渋谷事業本部 No
57%
戸田 八王子事業本部 No
57%
戸田 立川事業本部 No
57%
戸田 横浜事業本部 No
57%
戸田 川崎事業本部 No
57%
戸田 湘南伊豆事業本部 No
57%
戸田 その他の事業本部 No
57%
日野 八王子事業本部 Yes
54%
日野 立川事業本部 No
54%
八王子みなみ野 八王子事業本部 Yes
54%
東金 京葉総武事業本部 No
54%
平山 大宮事業本部 No
54%
平山 浦和事業本部 No
54%
平山 熊谷事業本部 No
54%
平山 武蔵野事業本部 No
54%
平山 京葉総武事業本部 No
54%
平山 松戸事業本部 No
54%
平山 東京事業本部 No
54%
平山 品川事業本部 No
54%
平山 新宿事業本部 No
54%
平山 上野事業本部 No
54%
平山 渋谷事業本部 No
54%
平山 池袋事業本部 No
54%
平山 八王子事業本部 No
54%
平山 湘南伊豆事業本部 No
54%
尾久 東京事業本部 No
54%
町田 東京事業本部 No
54%
小川町 大宮事業本部 No
54%
小川町 東京事業本部 No
54%
小川町 池袋事業本部 No
54%
小川町 川崎事業本部 No
54%
東大崎 大宮事業本部 No
54%
東大崎 浦和事業本部 No
54%
東大崎 熊谷事業本部 No
54%
東大崎 武蔵野事業本部 No
54%
東大崎 千葉事業本部 No
54%
東大崎 房総事業本部 No
54%
東大崎 京葉総武事業本部 No
54%
東大崎 松戸事業本部 No
54%
東大崎 新宿事業本部 No
54%
東大崎 上野事業本部 No
54%
東大崎 渋谷事業本部 No
54%
東大崎 池袋事業本部 No
54%
東大崎 八王子事業本部 No
54%
東大崎 立川事業本部 No
54%
東大崎 横浜事業本部 No
54%
東大崎 川崎事業本部 No
54%
東大崎 湘南伊豆事業本部 No
54%
大船 大宮事業本部 No
54%
大船 浦和事業本部 No
54%
大船 熊谷事業本部 No
54%
大船 武蔵野事業本部 No
54%
大船 千葉事業本部 No
54%
大船 房総事業本部 No
54%
大船 京葉総武事業本部 No
54%
大船 松戸事業本部 No
54%
大船 東京事業本部 No
54%
大船 品川事業本部 No
54%
大船 新宿事業本部 No
54%
大船 上野事業本部 No
54%
大船 渋谷事業本部 No
54%
大船 池袋事業本部 No
54%
大船 八王子事業本部 No
54%
大船 立川事業本部 No
54%
大船 川崎事業本部 No
54%
本庄早稲田 浦和事業本部 No
54%
本庄早稲田 武蔵野事業本部 No
54%
本庄早稲田 千葉事業本部 No
54%
本庄早稲田 房総事業本部 No
54%
本庄早稲田 京葉総武事業本部 No
54%
本庄早稲田 松戸事業本部 No
54%
本庄早稲田 東京事業本部 No
54%
本庄早稲田 品川事業本部 No
54%
本庄早稲田 新宿事業本部 No
54%
本庄早稲田 上野事業本部 No
54%
本庄早稲田 渋谷事業本部 No
54%
本庄早稲田 池袋事業本部 No
54%
本庄早稲田 八王子事業本部 No
54%
本庄早稲田 立川事業本部 No
54%
本庄早稲田 横浜事業本部 No
54%
本庄早稲田 川崎事業本部 No
54%
本庄早稲田 湘南伊豆事業本部 No
54%
大森 品川事業本部 Yes
50%
八王子みなみ野 横浜事業本部 No
50%
平山 千葉事業本部 No
50%
平山 立川事業本部 No
50%
平山 横浜事業本部 No
50%
平山 川崎事業本部 No
50%
町田 八王子事業本部 No
50%
大船 その他の事業本部 No
50%
本庄早稲田 その他の事業本部 No
50%
高田馬場 大宮事業本部 No
50%
高田馬場 浦和事業本部 No
50%
高田馬場 熊谷事業本部 No
50%
高田馬場 武蔵野事業本部 No
50%
高田馬場 千葉事業本部 No
50%
高田馬場 房総事業本部 No
50%
高田馬場 京葉総武事業本部 No
50%
高田馬場 松戸事業本部 No
50%
高田馬場 品川事業本部 No
50%
高田馬場 上野事業本部 No
50%
高田馬場 渋谷事業本部 No
50%
高田馬場 八王子事業本部 No
50%
高田馬場 立川事業本部 No
50%
高田馬場 横浜事業本部 No
50%
高田馬場 川崎事業本部 No
50%
高田馬場 湘南伊豆事業本部 No
50%
高田馬場 その他の事業本部 No
50%
蘇我 大宮事業本部 No
50%
蘇我 浦和事業本部 No
50%
蘇我 熊谷事業本部 No
50%
蘇我 武蔵野事業本部 No
50%
蘇我 松戸事業本部 No
50%
蘇我 東京事業本部 No
50%
蘇我 品川事業本部 No
50%
蘇我 新宿事業本部 No
50%
蘇我 上野事業本部 No
50%
蘇我 渋谷事業本部 No
50%
蘇我 池袋事業本部 No
50%
蘇我 八王子事業本部 No
50%
蘇我 立川事業本部 No
50%
蘇我 横浜事業本部 No
50%
蘇我 川崎事業本部 No
50%
蘇我 湘南伊豆事業本部 No
50%
蘇我 その他の事業本部 No
50%
東松戸 大宮事業本部 No
50%
東松戸 浦和事業本部 No
50%
東松戸 熊谷事業本部 No
50%
東松戸 房総事業本部 No
50%
東松戸 品川事業本部 No
50%
東松戸 新宿事業本部 No
50%
東松戸 上野事業本部 No
50%
東松戸 渋谷事業本部 No
50%
東松戸 池袋事業本部 No
50%
東松戸 八王子事業本部 No
50%
東松戸 立川事業本部 No
50%
東松戸 横浜事業本部 No
50%
東松戸 川崎事業本部 No
50%
東松戸 湘南伊豆事業本部 No
50%
東松戸 その他の事業本部 No
50%
巣鴨 大宮事業本部 No
50%
巣鴨 浦和事業本部 No
50%
巣鴨 熊谷事業本部 No
50%
巣鴨 武蔵野事業本部 No
50%
巣鴨 千葉事業本部 No
50%
巣鴨 房総事業本部 No
50%
巣鴨 京葉総武事業本部 No
50%
巣鴨 松戸事業本部 No
50%
巣鴨 品川事業本部 No
50%
巣鴨 上野事業本部 No
50%
巣鴨 渋谷事業本部 No
50%
巣鴨 八王子事業本部 No
50%
巣鴨 立川事業本部 No
50%
巣鴨 横浜事業本部 No
50%
巣鴨 川崎事業本部 No
50%
巣鴨 湘南伊豆事業本部 No
50%
巣鴨 その他の事業本部 No
50%
西国分寺 大宮事業本部 No
50%
西国分寺 浦和事業本部 No
50%
西国分寺 熊谷事業本部 No
50%
西国分寺 千葉事業本部 No
50%
西国分寺 房総事業本部 No
50%
西国分寺 京葉総武事業本部 No
50%
西国分寺 松戸事業本部 No
50%
西国分寺 品川事業本部 No
50%
西国分寺 新宿事業本部 No
50%
西国分寺 上野事業本部 No
50%
西国分寺 渋谷事業本部 No
50%
西国分寺 池袋事業本部 No
50%
西国分寺 横浜事業本部 No
50%
西国分寺 川崎事業本部 No
50%
西国分寺 湘南伊豆事業本部 No
50%
西国分寺 その他の事業本部 No
50%
小田原 大宮事業本部 No
50%
小田原 浦和事業本部 No
50%
小田原 熊谷事業本部 No
50%
小田原 武蔵野事業本部 No
50%
小田原 千葉事業本部 No
50%
小田原 房総事業本部 No
50%
小田原 京葉総武事業本部 No
50%
小田原 松戸事業本部 No
50%
小田原 東京事業本部 No
50%
小田原 品川事業本部 No
50%
小田原 新宿事業本部 No
50%
小田原 上野事業本部 No
50%
小田原 渋谷事業本部 No
50%
小田原 池袋事業本部 No
50%
小田原 八王子事業本部 No
50%
小田原 立川事業本部 No
50%
小田原 川崎事業本部 No
50%
小田原 その他の事業本部 No
50%
宮原 浦和事業本部 No
50%
宮原 武蔵野事業本部 No
50%
宮原 千葉事業本部 No
50%
宮原 房総事業本部 No
50%
宮原 京葉総武事業本部 No
50%
宮原 東京事業本部 No
50%
宮原 品川事業本部 No
50%
宮原 新宿事業本部 No
50%
宮原 上野事業本部 No
50%
宮原 渋谷事業本部 No
50%
宮原 池袋事業本部 No
50%
宮原 八王子事業本部 No
50%
宮原 立川事業本部 No
50%
宮原 横浜事業本部 No
50%
宮原 川崎事業本部 No
50%
宮原 湘南伊豆事業本部 No
50%
木更津 大宮事業本部 No
50%
木更津 浦和事業本部 No
50%
木更津 熊谷事業本部 No
50%
木更津 武蔵野事業本部 No
50%
木更津 京葉総武事業本部 No
50%
木更津 松戸事業本部 No
50%
木更津 東京事業本部 No
50%
木更津 品川事業本部 No
50%
木更津 新宿事業本部 No
50%
木更津 上野事業本部 No
50%
木更津 渋谷事業本部 No
50%
木更津 池袋事業本部 No
50%
木更津 八王子事業本部 No
50%
木更津 立川事業本部 No
50%
木更津 横浜事業本部 No
50%
木更津 川崎事業本部 No
50%
木更津 湘南伊豆事業本部 No
50%
川越 熊谷事業本部 No
50%
川越 武蔵野事業本部 No
50%
川越 千葉事業本部 No
50%
川越 房総事業本部 No
50%
川越 京葉総武事業本部 No
50%
川越 松戸事業本部 No
50%
川越 東京事業本部 No
50%
川越 品川事業本部 No
50%
川越 新宿事業本部 No
50%
川越 上野事業本部 No
50%
川越 渋谷事業本部 No
50%
川越 池袋事業本部 No
50%
川越 八王子事業本部 No
50%
川越 立川事業本部 No
50%
川越 横浜事業本部 No
50%
川越 川崎事業本部 No
50%
川越 湘南伊豆事業本部 No
50%
川越 その他の事業本部 No
50%
越中島 大宮事業本部 No
50%
越中島 浦和事業本部 No
50%
越中島 熊谷事業本部 No
50%
越中島 武蔵野事業本部 No
50%
越中島 千葉事業本部 No
50%
越中島 房総事業本部 No
50%
越中島 松戸事業本部 No
50%
越中島 品川事業本部 No
50%
越中島 新宿事業本部 No
50%
越中島 上野事業本部 No
50%
越中島 渋谷事業本部 No
50%
越中島 池袋事業本部 No
50%
越中島 八王子事業本部 No
50%
越中島 立川事業本部 No
50%
越中島 川崎事業本部 No
50%
越中島 その他の事業本部 No
50%
王子 熊谷事業本部 No
50%
王子 武蔵野事業本部 No
50%
王子 千葉事業本部 No
50%
王子 房総事業本部 No
50%
王子 京葉総武事業本部 No
50%
王子 松戸事業本部 No
50%
王子 東京事業本部 No
50%
王子 品川事業本部 No
50%
王子 新宿事業本部 No
50%
王子 渋谷事業本部 No
50%
王子 八王子事業本部 No
50%
王子 立川事業本部 No
50%
王子 横浜事業本部 No
50%
王子 川崎事業本部 No
50%
王子 湘南伊豆事業本部 No
50%
王子 その他の事業本部 No
50%
鹿島 浦和事業本部 No
50%
鹿島 熊谷事業本部 No
50%
鹿島 武蔵野事業本部 No
50%
鹿島 京葉総武事業本部 No
50%
鹿島 松戸事業本部 No
50%
鹿島 東京事業本部 No
50%
鹿島 品川事業本部 No
50%
鹿島 新宿事業本部 No
50%
鹿島 上野事業本部 No
50%
鹿島 渋谷事業本部 No
50%
鹿島 池袋事業本部 No
50%
鹿島 八王子事業本部 No
50%
鹿島 横浜事業本部 No
50%
鹿島 川崎事業本部 No
50%
鹿島 湘南伊豆事業本部 No
50%
中野 大宮事業本部 No
50%
中野 浦和事業本部 No
50%
中野 熊谷事業本部 No
50%
中野 武蔵野事業本部 No
50%
中野 千葉事業本部 No
50%
中野 房総事業本部 No
50%
中野 京葉総武事業本部 No
50%
中野 松戸事業本部 No
50%
中野 東京事業本部 No
50%
中野 品川事業本部 No
50%
中野 上野事業本部 No
50%
中野 渋谷事業本部 No
50%
中野 池袋事業本部 No
50%
中野 立川事業本部 No
50%
中野 横浜事業本部 No
50%
中野 川崎事業本部 No
50%
中野 湘南伊豆事業本部 No
50%
中野 その他の事業本部 No
50%
金町 大宮事業本部 No
50%
金町 浦和事業本部 No
50%
金町 熊谷事業本部 No
50%
金町 武蔵野事業本部 No
50%
金町 京葉総武事業本部 No
50%
金町 東京事業本部 No
50%
金町 品川事業本部 No
50%
金町 新宿事業本部 No
50%
金町 渋谷事業本部 No
50%
金町 池袋事業本部 No
50%
金町 八王子事業本部 No
50%
金町 立川事業本部 No
50%
金町 横浜事業本部 No
50%
金町 川崎事業本部 No
50%
金町 その他の事業本部 No
50%
千葉 大宮事業本部 No
50%
千葉 浦和事業本部 No
50%
千葉 熊谷事業本部 No
50%
千葉 武蔵野事業本部 No
50%
千葉 房総事業本部 No
50%
千葉 松戸事業本部 No
50%
千葉 東京事業本部 No
50%
千葉 品川事業本部 No
50%
千葉 新宿事業本部 No
50%
千葉 上野事業本部 No
50%
千葉 渋谷事業本部 No
50%
千葉 池袋事業本部 No
50%
千葉 八王子事業本部 No
50%
千葉 立川事業本部 No
50%
千葉 横浜事業本部 No
50%
千葉 川崎事業本部 No
50%
千葉 湘南伊豆事業本部 No
50%
千葉 その他の事業本部 No
50%
吉川美南 大宮事業本部 No
50%
吉川美南 浦和事業本部 No
50%
吉川美南 熊谷事業本部 No
50%
吉川美南 千葉事業本部 No
50%
吉川美南 房総事業本部 No
50%
吉川美南 京葉総武事業本部 No
50%
吉川美南 松戸事業本部 No
50%
吉川美南 東京事業本部 No
50%
吉川美南 品川事業本部 No
50%
吉川美南 新宿事業本部 No
50%
吉川美南 上野事業本部 No
50%
吉川美南 渋谷事業本部 No
50%
吉川美南 池袋事業本部 No
50%
吉川美南 八王子事業本部 No
50%
吉川美南 立川事業本部 No
50%
吉川美南 横浜事業本部 No
50%
吉川美南 川崎事業本部 No
50%
吉川美南 その他の事業本部 No
50%
木下 大宮事業本部 No
50%
木下 浦和事業本部 No
50%
木下 熊谷事業本部 No
50%
木下 武蔵野事業本部 No
50%
木下 京葉総武事業本部 No
50%
木下 東京事業本部 No
50%
木下 品川事業本部 No
50%
木下 新宿事業本部 No
50%
木下 上野事業本部 No
50%
木下 渋谷事業本部 No
50%
木下 池袋事業本部 No
50%
木下 八王子事業本部 No
50%
木下 立川事業本部 No
50%
木下 横浜事業本部 No
50%
木下 湘南伊豆事業本部 No
50%
御茶ノ水 大宮事業本部 No
50%
御茶ノ水 浦和事業本部 No
50%
御茶ノ水 熊谷事業本部 No
50%
御茶ノ水 武蔵野事業本部 No
50%
御茶ノ水 千葉事業本部 No
50%
御茶ノ水 房総事業本部 No
50%
御茶ノ水 京葉総武事業本部 No
50%
御茶ノ水 松戸事業本部 No
50%
御茶ノ水 品川事業本部 No
50%
御茶ノ水 渋谷事業本部 No
50%
御茶ノ水 池袋事業本部 No
50%
御茶ノ水 八王子事業本部 No
50%
御茶ノ水 立川事業本部 No
50%
御茶ノ水 横浜事業本部 No
50%
御茶ノ水 川崎事業本部 No
50%
御茶ノ水 湘南伊豆事業本部 No
50%
御茶ノ水 その他の事業本部 No
50%
稲田堤 大宮事業本部 No
50%
稲田堤 浦和事業本部 No
50%
稲田堤 熊谷事業本部 No
50%
稲田堤 武蔵野事業本部 No
50%
稲田堤 房総事業本部 No
50%
稲田堤 京葉総武事業本部 No
50%
稲田堤 松戸事業本部 No
50%
稲田堤 東京事業本部 No
50%
稲田堤 品川事業本部 No
50%
稲田堤 新宿事業本部 No
50%
稲田堤 渋谷事業本部 No
50%
稲田堤 池袋事業本部 No
50%
稲田堤 八王子事業本部 No
50%
稲田堤 横浜事業本部 No
50%
稲田堤 湘南伊豆事業本部 No
50%
稲田堤 その他の事業本部 No
50%
品川 大宮事業本部 No
50%
品川 浦和事業本部 No
50%
品川 熊谷事業本部 No
50%
品川 武蔵野事業本部 No
50%
品川 千葉事業本部 No
50%
品川 房総事業本部 No
50%
品川 京葉総武事業本部 No
50%
品川 松戸事業本部 No
50%
品川 東京事業本部 No
50%
品川 品川事業本部 Yes
50%
品川 新宿事業本部 No
50%
品川 上野事業本部 No
50%
品川 池袋事業本部 No
50%
品川 八王子事業本部 No
50%
品川 立川事業本部 No
50%
品川 横浜事業本部 No
50%
品川 川崎事業本部 No
50%
品川 湘南伊豆事業本部 No
50%
品川 その他の事業本部 No
50%
浅草橋 大宮事業本部 No
50%
浅草橋 浦和事業本部 No
50%
浅草橋 熊谷事業本部 No
50%
浅草橋 武蔵野事業本部 No
50%
浅草橋 千葉事業本部 No
50%
浅草橋 房総事業本部 No
50%
浅草橋 松戸事業本部 No
50%
浅草橋 品川事業本部 No
50%
浅草橋 新宿事業本部 No
50%
浅草橋 渋谷事業本部 No
50%
浅草橋 池袋事業本部 No
50%
浅草橋 八王子事業本部 No
50%
浅草橋 立川事業本部 No
50%
浅草橋 横浜事業本部 No
50%
浅草橋 川崎事業本部 No
50%
浅草橋 湘南伊豆事業本部 No
50%
浅草橋 その他の事業本部 No
50%
香川 大宮事業本部 No
50%
香川 浦和事業本部 No
50%
香川 熊谷事業本部 No
50%
香川 武蔵野事業本部 No
50%
香川 千葉事業本部 No
50%
香川 房総事業本部 No
50%
香川 京葉総武事業本部 No
50%
香川 松戸事業本部 No
50%
香川 東京事業本部 No
50%
香川 品川事業本部 No
50%
香川 新宿事業本部 No
50%
香川 上野事業本部 No
50%
香川 渋谷事業本部 No
50%
香川 池袋事業本部 No
50%
香川 八王子事業本部 No
50%
香川 立川事業本部 No
50%
香川 川崎事業本部 No
50%
東飯能 浦和事業本部 No
50%
東飯能 武蔵野事業本部 No
50%
東飯能 千葉事業本部 No
50%
東飯能 房総事業本部 No
50%
東飯能 京葉総武事業本部 No
50%
東飯能 松戸事業本部 No
50%
東飯能 東京事業本部 No
50%
東飯能 品川事業本部 No
50%
東飯能 新宿事業本部 No
50%
東飯能 上野事業本部 No
50%
東飯能 渋谷事業本部 No
50%
東飯能 池袋事業本部 No
50%
東飯能 横浜事業本部 No
50%
東飯能 川崎事業本部 No
50%
東飯能 湘南伊豆事業本部 No
50%
新橋 大宮事業本部 No
50%
新橋 浦和事業本部 No
50%
新橋 熊谷事業本部 No
50%
新橋 武蔵野事業本部 No
50%
新橋 千葉事業本部 No
50%
新橋 房総事業本部 No
50%
新橋 京葉総武事業本部 No
50%
新橋 松戸事業本部 No
50%
新橋 新宿事業本部 No
50%
新橋 上野事業本部 No
50%
新橋 渋谷事業本部 No
50%
新橋 池袋事業本部 No
50%
新橋 八王子事業本部 No
50%
新橋 立川事業本部 No
50%
新橋 横浜事業本部 No
50%
新橋 川崎事業本部 No
50%
新橋 湘南伊豆事業本部 No
50%
新橋 その他の事業本部 No
50%
武蔵小杉 大宮事業本部 No
50%
武蔵小杉 浦和事業本部 No
50%
武蔵小杉 熊谷事業本部 No
50%
武蔵小杉 武蔵野事業本部 No
50%
武蔵小杉 千葉事業本部 No
50%
武蔵小杉 房総事業本部 No
50%
武蔵小杉 京葉総武事業本部 No
50%
武蔵小杉 松戸事業本部 No
50%
武蔵小杉 東京事業本部 No
50%
武蔵小杉 新宿事業本部 No
50%
武蔵小杉 上野事業本部 No
50%
武蔵小杉 池袋事業本部 No
50%
武蔵小杉 八王子事業本部 No
50%
武蔵小杉 立川事業本部 No
50%
武蔵小杉 湘南伊豆事業本部 No
50%
武蔵小杉 その他の事業本部 No
50%
立川 大宮事業本部 No
50%
立川 浦和事業本部 No
50%
立川 熊谷事業本部 No
50%
立川 武蔵野事業本部 No
50%
立川 千葉事業本部 No
50%
立川 房総事業本部 No
50%
立川 京葉総武事業本部 No
50%
立川 松戸事業本部 No
50%
立川 東京事業本部 No
50%
立川 品川事業本部 No
50%
立川 新宿事業本部 No
50%
立川 上野事業本部 No
50%
立川 渋谷事業本部 No
50%
立川 池袋事業本部 No
50%
立川 横浜事業本部 No
50%
立川 川崎事業本部 No
50%
立川 湘南伊豆事業本部 No
50%
立川 その他の事業本部 No
50%
網代 大宮事業本部 No
50%
網代 浦和事業本部 No
50%
網代 熊谷事業本部 No
50%
網代 武蔵野事業本部 No
50%
網代 京葉総武事業本部 No
50%
網代 松戸事業本部 No
50%
網代 東京事業本部 No
50%
網代 品川事業本部 No
50%
網代 新宿事業本部 No
50%
網代 上野事業本部 No
50%
網代 渋谷事業本部 No
50%
網代 池袋事業本部 No
50%
網代 八王子事業本部 No
50%
網代 立川事業本部 No
50%
網代 横浜事業本部 No
50%
網代 川崎事業本部 No
50%
浜松町 大宮事業本部 No
50%
浜松町 浦和事業本部 No
50%
浜松町 熊谷事業本部 No
50%
浜松町 武蔵野事業本部 No
50%
浜松町 千葉事業本部 No
50%
浜松町 房総事業本部 No
50%
浜松町 京葉総武事業本部 No
50%
浜松町 松戸事業本部 No
50%
浜松町 新宿事業本部 No
50%
浜松町 渋谷事業本部 No
50%
浜松町 池袋事業本部 No
50%
浜松町 八王子事業本部 No
50%
浜松町 立川事業本部 No
50%
浜松町 横浜事業本部 No
50%
浜松町 川崎事業本部 No
50%
浜松町 湘南伊豆事業本部 No
50%
浜松町 その他の事業本部 No
50%
原宿 大宮事業本部 No
50%
原宿 浦和事業本部 No
50%
原宿 熊谷事業本部 No
50%
原宿 武蔵野事業本部 No
50%
原宿 千葉事業本部 No
50%
原宿 房総事業本部 No
50%
原宿 京葉総武事業本部 No
50%
原宿 松戸事業本部 No
50%
原宿 東京事業本部 No
50%
原宿 品川事業本部 No
50%
原宿 上野事業本部 No
50%
原宿 八王子事業本部 No
50%
原宿 立川事業本部 No
50%
原宿 横浜事業本部 No
50%
原宿 川崎事業本部 No
50%
原宿 湘南伊豆事業本部 No
50%
原宿 その他の事業本部 No
50%
成東 千葉事業本部 Yes
46%
尾久 上野事業本部 Yes
46%
秋葉原 東京事業本部 Yes
46%
秋葉原 上野事業本部 No
46%
小川町 その他の事業本部 No
46%
戸田 池袋事業本部 No
46%
東大崎 東京事業本部 No
46%
大船 湘南伊豆事業本部 No
46%
本庄早稲田 大宮事業本部 No
46%
本庄早稲田 熊谷事業本部 Yes
46%
高田馬場 東京事業本部 No
46%
高田馬場 池袋事業本部 No
46%
武蔵浦和 熊谷事業本部 No
46%
武蔵浦和 千葉事業本部 No
46%
武蔵浦和 房総事業本部 No
46%
武蔵浦和 京葉総武事業本部 No
46%
武蔵浦和 松戸事業本部 No
46%
武蔵浦和 東京事業本部 No
46%
武蔵浦和 品川事業本部 No
46%
武蔵浦和 新宿事業本部 No
46%
武蔵浦和 上野事業本部 No
46%
武蔵浦和 渋谷事業本部 No
46%
武蔵浦和 池袋事業本部 No
46%
武蔵浦和 八王子事業本部 No
46%
武蔵浦和 立川事業本部 No
46%
武蔵浦和 横浜事業本部 No
46%
武蔵浦和 川崎事業本部 No
46%
武蔵浦和 湘南伊豆事業本部 No
46%
武蔵浦和 その他の事業本部 No
46%
東松戸 東京事業本部 No
46%
鶴見 大宮事業本部 No
46%
鶴見 浦和事業本部 No
46%
鶴見 熊谷事業本部 No
46%
鶴見 武蔵野事業本部 No
46%
鶴見 千葉事業本部 No
46%
鶴見 房総事業本部 No
46%
鶴見 京葉総武事業本部 No
46%
鶴見 松戸事業本部 No
46%
鶴見 東京事業本部 No
46%
鶴見 品川事業本部 No
46%
鶴見 新宿事業本部 No
46%
鶴見 上野事業本部 No
46%
鶴見 渋谷事業本部 No
46%
鶴見 池袋事業本部 No
46%
鶴見 八王子事業本部 No
46%
鶴見 立川事業本部 No
46%
鶴見 湘南伊豆事業本部 No
46%
鶴見 その他の事業本部 No
46%
巣鴨 東京事業本部 No
46%
西国分寺 東京事業本部 No
46%
大崎 大宮事業本部 No
46%
大崎 浦和事業本部 No
46%
大崎 熊谷事業本部 No
46%
大崎 武蔵野事業本部 No
46%
大崎 千葉事業本部 No
46%
大崎 房総事業本部 No
46%
大崎 京葉総武事業本部 No
46%
大崎 松戸事業本部 No
46%
大崎 新宿事業本部 No
46%
大崎 上野事業本部 No
46%
大崎 池袋事業本部 No
46%
大崎 八王子事業本部 No
46%
大崎 立川事業本部 No
46%
大崎 横浜事業本部 No
46%
大崎 川崎事業本部 No
46%
大崎 湘南伊豆事業本部 No
46%
大崎 その他の事業本部 No
46%
宮原 松戸事業本部 No
46%
宮原 その他の事業本部 No
46%
川越 大宮事業本部 Yes
46%
川越 浦和事業本部 No
46%
越中島 横浜事業本部 No
46%
越中島 湘南伊豆事業本部 No
46%
王子 大宮事業本部 No
46%
鹿島 大宮事業本部 No
46%
鹿島 立川事業本部 No
46%
大月 大宮事業本部 No
46%
大月 浦和事業本部 No
46%
大月 熊谷事業本部 No
46%
大月 武蔵野事業本部 No
46%
大月 千葉事業本部 No
46%
大月 房総事業本部 No
46%
大月 京葉総武事業本部 No
46%
大月 松戸事業本部 No
46%
大月 東京事業本部 No
46%
大月 品川事業本部 No
46%
大月 新宿事業本部 No
46%
大月 上野事業本部 No
46%
大月 渋谷事業本部 No
46%
大月 池袋事業本部 No
46%
大月 立川事業本部 No
46%
大月 横浜事業本部 No
46%
大月 川崎事業本部 No
46%
大月 湘南伊豆事業本部 No
46%
中野 新宿事業本部 Yes
46%
中野 八王子事業本部 No
46%
金町 千葉事業本部 No
46%
金町 房総事業本部 No
46%
金町 湘南伊豆事業本部 No
46%
西府 大宮事業本部 No
46%
西府 浦和事業本部 No
46%
西府 熊谷事業本部 No
46%
西府 千葉事業本部 No
46%
西府 房総事業本部 No
46%
西府 京葉総武事業本部 No
46%
西府 松戸事業本部 No
46%
西府 東京事業本部 No
46%
西府 品川事業本部 No
46%
西府 新宿事業本部 No
46%
西府 上野事業本部 No
46%
西府 渋谷事業本部 No
46%
西府 池袋事業本部 No
46%
西府 横浜事業本部 No
46%
西府 湘南伊豆事業本部 No
46%
千葉 千葉事業本部 Yes
46%
吉川美南 武蔵野事業本部 Yes
46%
吉川美南 湘南伊豆事業本部 No
46%
木下 房総事業本部 No
46%
木下 川崎事業本部 No
46%
御茶ノ水 上野事業本部 No
46%
稲田堤 千葉事業本部 No
46%
稲田堤 上野事業本部 No
46%
原当麻 大宮事業本部 No
46%
原当麻 浦和事業本部 No
46%
原当麻 熊谷事業本部 No
46%
原当麻 武蔵野事業本部 No
46%
原当麻 千葉事業本部 No
46%
原当麻 房総事業本部 No
46%
原当麻 京葉総武事業本部 No
46%
原当麻 松戸事業本部 No
46%
原当麻 東京事業本部 No
46%
原当麻 品川事業本部 No
46%
原当麻 新宿事業本部 No
46%
原当麻 上野事業本部 No
46%
原当麻 渋谷事業本部 No
46%
原当麻 池袋事業本部 No
46%
原当麻 川崎事業本部 No
46%
品川 渋谷事業本部 No
46%
香川 横浜事業本部 No
46%
東飯能 熊谷事業本部 No
46%
東飯能 立川事業本部 No
46%
東飯能 その他の事業本部 No
46%
武蔵小杉 渋谷事業本部 No
46%
立川 八王子事業本部 No
46%
立川 立川事業本部 Yes
46%
網代 千葉事業本部 No
46%
網代 房総事業本部 No
46%
網代 その他の事業本部 No
46%
浜松町 上野事業本部 No
46%
原宿 池袋事業本部 No
46%
武蔵五日市 立川事業本部 No
43%
北赤羽 浦和事業本部 No
43%
千葉みなと 千葉事業本部 No
43%
千葉みなと 京葉総武事業本部 Yes
43%
町田 横浜事業本部 Yes
43%
小川町 八王子事業本部 No
43%
東大崎 品川事業本部 No
43%
大船 横浜事業本部 Yes
43%
高田馬場 新宿事業本部 Yes
43%
巣鴨 新宿事業本部 No
43%
西国分寺 八王子事業本部 No
43%
三鷹 大宮事業本部 No
43%
三鷹 浦和事業本部 No
43%
三鷹 熊谷事業本部 No
43%
三鷹 武蔵野事業本部 No
43%
三鷹 千葉事業本部 No
43%
三鷹 房総事業本部 No
43%
三鷹 京葉総武事業本部 No
43%
三鷹 松戸事業本部 No
43%
三鷹 東京事業本部 No
43%
三鷹 品川事業本部 No
43%
三鷹 上野事業本部 No
43%
三鷹 渋谷事業本部 No
43%
三鷹 池袋事業本部 No
43%
三鷹 八王子事業本部 No
43%
三鷹 横浜事業本部 No
43%
三鷹 川崎事業本部 No
43%
三鷹 湘南伊豆事業本部 No
43%
三鷹 その他の事業本部 No
43%
大崎 東京事業本部 No
43%
木更津 千葉事業本部 No
43%
木更津 その他の事業本部 No
43%
越中島 東京事業本部 No
43%
王子 浦和事業本部 No
43%
鹿島 千葉事業本部 No
43%
鹿島 房総事業本部 No
43%
金町 上野事業本部 No
43%
西府 八王子事業本部 No
43%
西府 川崎事業本部 No
43%
西府 その他の事業本部 No
43%
千葉 京葉総武事業本部 No
43%
原当麻 八王子事業本部 No
43%
原当麻 立川事業本部 No
43%
原当麻 その他の事業本部 No
43%
東飯能 大宮事業本部 No
43%
武蔵小杉 横浜事業本部 No
43%
鹿島神宮 その他の事業本部 No
39%
東松戸 千葉事業本部 No
39%
巣鴨 池袋事業本部 Yes
39%
小田原 横浜事業本部 No
39%
小田原 湘南伊豆事業本部 Yes
39%
越中島 京葉総武事業本部 Yes
39%
浅草橋 上野事業本部 No
39%
香川 その他の事業本部 No
39%
武蔵小杉 品川事業本部 No
39%
網代 湘南伊豆事業本部 Yes
39%
南流山 武蔵野事業本部 No
36%
東金 千葉事業本部 No
36%
東大崎 その他の事業本部 Yes
36%
東松戸 武蔵野事業本部 No
36%
木更津 房総事業本部 Yes
36%
木下 松戸事業本部 No
36%
稲田堤 立川事業本部 No
36%
香川 湘南伊豆事業本部 Yes
36%
新橋 東京事業本部 Yes
36%
原宿 新宿事業本部 No
36%
南流山 松戸事業本部 Yes
32%
東金 房総事業本部 Yes
32%
平山 その他の事業本部 No
32%
蘇我 千葉事業本部 No
32%
金町 松戸事業本部 Yes
32%
木下 その他の事業本部 No
32%
東飯能 八王子事業本部 Yes
32%
新橋 品川事業本部 No
32%
武蔵小杉 川崎事業本部 Yes
32%
原宿 渋谷事業本部 Yes
32%
武蔵五日市 八王子事業本部 Yes
29%
鹿島神宮 千葉事業本部 Yes
29%
千歳 房総事業本部 Yes
29%
千歳 その他の事業本部 No
29%
古河 大宮事業本部 No
29%
古河 その他の事業本部 Yes
29%
戸田 浦和事業本部 No
29%
武蔵浦和 大宮事業本部 No
29%
東松戸 松戸事業本部 No
29%
鹿島 その他の事業本部 Yes
29%
稲田堤 川崎事業本部 Yes
29%
浜松町 東京事業本部 No
29%
浜松町 品川事業本部 Yes
29%
北赤羽 池袋事業本部 Yes
25%
鶴見 川崎事業本部 Yes
25%
浅草橋 京葉総武事業本部 No
25%
小川町 熊谷事業本部 Yes
21%
蘇我 京葉総武事業本部 No
21%
鶴見 横浜事業本部 No
21%
三鷹 新宿事業本部 No
21%
三鷹 立川事業本部 Yes
21%
王子 上野事業本部 No
21%
原当麻 湘南伊豆事業本部 No
21%
平山 房総事業本部 Yes
18%
戸田 大宮事業本部 Yes
18%
宮原 大宮事業本部 No
18%
中神 立川事業本部 No
14%
武蔵浦和 浦和事業本部 No
14%
大崎 品川事業本部 No
14%
大崎 渋谷事業本部 Yes
14%
大月 その他の事業本部 Yes
14%
西府 立川事業本部 No
14%
木下 千葉事業本部 Yes
14%
御茶ノ水 東京事業本部 No
14%
浅草橋 東京事業本部 Yes
14%
さいたま新都心 浦和事業本部 Yes
11%
中神 八王子事業本部 Yes
11%
西国分寺 立川事業本部 No
11%
宮原 熊谷事業本部 Yes
11%
王子 池袋事業本部 Yes
11%
大月 八王子事業本部 No
11%
御茶ノ水 新宿事業本部 Yes
11%
原当麻 横浜事業本部 Yes
11%
さいたま新都心 大宮事業本部 No
7%
武蔵浦和 武蔵野事業本部 Yes
7%
西国分寺 武蔵野事業本部 Yes
7%
蘇我 房総事業本部 Yes
4%
東松戸 京葉総武事業本部 Yes
4%
西府 武蔵野事業本部 Yes
4%
No matching quizzes found
Score Distribution
Percent of People with Each Score
Percentile by Number Answered
Your Score History
You have not taken this quiz since the last reset